000 01052nam a2200325Ia 4500
003 OSt
005 20220912145815.0
006 a|||||r|||| 00| 0
007 ta
008 220909b |||||||| |||| 00| 0 eng d
020 _a1584885858 (hbd)
024 _a77760
037 _b022/07-08, 01/09/2007, N R Book Distributors
037 _cTextbook
040 _aCSL
_beng
_cCSL
041 _aeng
082 _aB70aD, P6 TD
100 _aSofonea Mircea
245 0 _aAnalysis and approximation of contact problems with adhesion or damage
260 _c2006
300 _ap.
_ccm.
490 _aMonographs and textbooks in pure and applied mathematics; 276
500 _aBibliographical references 207-216p.; Index 217-220p.
650 _a Contact mechanics-Mathematical models
650 _aMathematics
700 _a Han Weimin
700 _a Shillor Meir
942 _hB70aD, P6 TD
_cTB
_2CC
999 _c38623
_d38623